|
|
|
|
| LEADER |
01062nam a2200265 a 4500 |
| 001 |
13207336 |
| 008 |
090712s2004 enk b 001 0 eng d |
| 010 |
|
|
|a \\2003053643
|
| 020 |
|
|
|a 0333960580 (hardback)
|
| 020 |
|
|
|a 0333960599 (pbk.)
|
| 040 |
|
|
|a DLC
|c DLC
|d DLC
|
| 082 |
0 |
0 |
|a 803
|2 22
|
| 100 |
1 |
|
|a Wolfreys, Julian,
|d 1958-
|
| 245 |
1 |
0 |
|a Critical keywords in literary and cultural theory /
|c Julian Wolfreys.
|
| 260 |
|
|
|a Houndsmill, Basingstoke, Hampshire ;
|a New York :
|b Palgrave Macmillan,
|c 2004.
|
| 300 |
|
|
|a xi, 295 p. ;
|c 24 cm.
|
| 504 |
|
|
|a Includes bibliographical references (p. 271-291) and index.
|
| 541 |
1 |
|
|e 00013604
|
| 650 |
|
0 |
|a Literature
|v Terminology.
|
| 650 |
|
0 |
|a Criticism
|v Terminology.
|
| 650 |
|
0 |
|a Literature, Modern
|x History and criticism.
|
| 650 |
|
0 |
|a Criticism
|x History
|y 20th century.
|
| 852 |
4 |
|
|a Ayesha Abed Library
|j General shelf
|
| 999 |
|
|
|c 2302
|d 2302
|
| 952 |
|
|
|0 0
|1 4
|2 ddc
|4 0
|6 803_000000000000000_WOL
|7 0
|9 2126
|a BRACUL
|b BRACUL
|c GEN
|d 2009-07-12
|g 1949.00
|l 0
|o 803 WOL
|p 3010013604
|r 2009-07-12
|t 1
|w 2009-07-12
|y BK
|x Koha Inventory 2020
|